Institutional Distrust: Catalyst or Consequence of the Spread of Unfounded Covid-19 Beliefs?

Dve konkurenčné, ale vzájomne sa dopĺňajúce hypotézy týkajúce sa vzťahu medzi podporovaním nepodložených presvedčení počas pandémie Covid-19 (t.j. konšpiračných a pseudovedeckých presvedčení) a inštitucionálnou dôverou. Výsledky ukázali konzistentný vzorec týkajúci sa dôvery v expertov: účinky konšp...

Descrizione completa

Salvato in:
Dettagli Bibliografici
Autore principale: Merva, Radoslav
Natura: Capitolo di libro
Lingua:inglese
Soggetti:
Tags: Aggiungi Tag
Nessun Tag, puoi essere il primo ad aggiungerne!!

MARC

LEADER 00000naa a2200000 4500
001 0308039
005 20250408113204.3
041 0 |a eng 
044 |a SK 
245 1 0 |a Institutional Distrust: Catalyst or Consequence of the Spread of Unfounded Covid-19 Beliefs?  |c Radoslav Merva ...[et al.] 
520 |a Dve konkurenčné, ale vzájomne sa dopĺňajúce hypotézy týkajúce sa vzťahu medzi podporovaním nepodložených presvedčení počas pandémie Covid-19 (t.j. konšpiračných a pseudovedeckých presvedčení) a inštitucionálnou dôverou. Výsledky ukázali konzistentný vzorec týkajúci sa dôvery v expertov: účinky konšpiračných a pseudovedeckých presvedčení predpovedajúcich nedôveru v expertov boli silnejšie ako opačný vzorec. V prípade dôvery vo vládu výsledky preukázali podporu oboch hypotéz. Štúdia prispela k vysvetleniu možného kauzálneho vzťahu medzi nepodloženými presvedčeniami a dôverou v inštitúcie, t. j. konšpiračné a pseudovedecké presvedčenia mohli priamo predikovať zníženú dôveru v expertov a vedecké inštitúcie. 
610 2 0 |a výskum sociologický 
610 2 0 |a posudky znalecké 
610 2 0 |a pandémia 
610 2 0 |a postoje 
610 2 0 |a obyvateľstvo 
610 2 0 |a dôvera 
610 2 0 |a inštitúcie verejnoprávne 
100 1 |a Merva, Radoslav